[Event "TCh-HUN 2017-18"]
[Site "Hungary HUN"]
[Date "2017.12.17"]
[Round "4.1"]
[White "Stevic, Hrvoje"]
[Black "Ruck, Robert"]
[Result "1-0"]
[WhiteTitle "GM"]
[BlackTitle "GM"]
[WhiteElo "2601"]
[BlackElo "2531"]
[WhiteTeam "Dunaharaszti MTK"]
[BlackTeam "HVSE-Infraplan"]
[WhiteFideId "14502569"]
[BlackFideId "705713"]
[EventDate "2017.11.25"]
[EventType "team-tourn"]

1. e4 c6 2. d4 d5 3. Nc3 dxe4 4. Nxe4 Bf5 5. Ng3 Bg6 6. Nh3 e6 7. Nf4 Bd6 8.
Ngh5 Bxh5 9. Nxh5 g6 10. Nf4 Nf6 11. g3 Nbd7 12. Bg2 Nd5 13. Nd3 Nb4 14. O-O
Nxd3 15. Qxd3 O-O 16. c4 Re8 17. Rd1 a5 18. Be3 Qc7 19. Rac1 a4 20. Rc2 Qa5 21.
d5 exd5 22. cxd5 c5 23. Bf1 Ne5 24. Qc3 b6 25. Qxa5 Rxa5 26. Kg2 f6 27. Bd2 Raa8
28. Bb5 Re7 29. Bc3 a3 30. b3 g5 31. Re2 Kf7 32. Rde1 Rd8 33. Re4 Ng6 34. Ra4
Be5 35. Bxe5 Nxe5 36. Rd1 Rd6 37. Rxa3 f5 38. Ra8 Kg7 39. h3 f4 40. Rc8 f3+ 41.
Kg1 h5 42. a4 g4 43. h4 Nf7 44. a5 bxa5 45. Rxc5 Ne5 46. Ra1 Nf7 47. Bc4 Re4 48.
Rcxa5 Ne5 49. Ra7+ Kf6 50. Rh7 Nf7 51. Ra7 Re1+ 52. Kh2 Re7 53. Rxe7 Kxe7 54.
Rxh5 Kf6 55. Bd3 Rb6 56. Rf5+ Ke7 57. Bc4 Rb8 58. d6+ 1-0

[Event "TCh-HUN 2017-18"]
[Site "Hungary HUN"]
[Date "2017.12.17"]
[Round "4.2"]
[White "Babula, Vlastimil"]
[Black "Grigoriants, Sergey"]
[Result "1/2-1/2"]
[WhiteTitle "GM"]
[BlackTitle "GM"]
[WhiteElo "2548"]
[BlackElo "2558"]
[WhiteTeam "HVSE-Infraplan"]
[BlackTeam "Dunaharaszti MTK"]
[WhiteFideId "301264"]
[BlackFideId "4130804"]
[EventDate "2017.11.25"]
[EventType "team-tourn"]

1. d4 Nf6 2. c4 e6 3. Nc3 d5 4. Nf3 c5 5. cxd5 Nxd5 6. e3 cxd4 7. exd4 Bb4 8.
Qc2 Nc6 9. a3 Bd6 10. Bd3 h6 11. O-O O-O 12. Bd2 Bd7 13. Bh7+ Kh8 14. Be4 Rc8
15. Nxd5 exd5 16. Bxd5 Nxd4 17. Qd3 Nxf3+ 18. Qxf3 Bc6 19. Bxc6 Rxc6 20. Bc3 Qc7
21. Qh5 Be7 22. Rfe1 1/2-1/2

[Event "TCh-HUN 2017-18"]
[Site "Hungary HUN"]
[Date "2017.12.17"]
[Round "4.3"]
[White "Jovanovic, Zoran"]
[Black "Jankovic, Alojzije"]
[Result "1/2-1/2"]
[WhiteTitle "GM"]
[BlackTitle "GM"]
[WhiteElo "2540"]
[BlackElo "2581"]
[WhiteTeam "Dunaharaszti MTK"]
[BlackTeam "HVSE-Infraplan"]
[WhiteFideId "14505320"]
[BlackFideId "14505959"]
[EventDate "2017.11.25"]
[EventType "team-tourn"]

1. e4 c5 2. Nf3 d6 3. Bb5+ Bd7 4. Bxd7+ Qxd7 5. c4 Nf6 6. Nc3 g6 7. d4 cxd4 8.
Nxd4 Bg7 9. b3 O-O 10. O-O Nc6 11. Bb2 a6 12. Nxc6 Qxc6 13. Nd5 Nxd5 14. exd5
Qc5 15. Bxg7 Kxg7 16. Re1 Rfe8 17. Rc1 Rac8 1/2-1/2

[Event "TCh-HUN 2017-18"]
[Site "Hungary HUN"]
[Date "2017.12.17"]
[Round "4.5"]
[White "Kovacevic, Blazimir"]
[Black "Nemeth, Miklos1"]
[Result "1/2-1/2"]
[WhiteTitle "IM"]
[BlackTitle "IM"]
[WhiteElo "2476"]
[BlackElo "2494"]
[WhiteTeam "Dunaharaszti MTK"]
[BlackTeam "HVSE-Infraplan"]
[WhiteFideId "14502712"]
[BlackFideId "720232"]
[EventDate "2017.11.25"]
[EventType "team-tourn"]

1. d4 Nf6 2. Bg5 Ne4 3. Bf4 e6 4. e3 d5 5. Bd3 Bd6 6. Bxe4 Bxf4 7. exf4 dxe4 8.
Nc3 f5 9. Qd2 O-O 10. f3 Nc6 11. O-O-O b5 12. fxe4 b4 13. Na4 fxe4 14. Ne2 Qd5
15. b3 Ba6 16. Rhe1 Qa5 17. Kb1 Ne7 18. Ng3 Nd5 19. Nxe4 Rxf4 20. Nec5 Bb5 21.
Rxe6 Bxa4 22. Nxa4 Rd8 23. Rde1 Qb5 24. Kb2 Rdf8 25. R6e5 Rf2 26. R1e2 Rxe2 27.
Qxe2 Qxe2 28. Rxe2 Rf4 29. c4 bxc3+ 30. Nxc3 Rxd4 31. Nb5 Rg4 32. Nxa7 Nf4 33.
Rd2 Rxg2 34. Rxg2 Nxg2 35. Nb5 Kf7 36. a4 Ke7 37. Nxc7 Ne3 38. Kc3 Kd7 39. Nb5
g5 40. Kd3 Ng4 41. Nd4 Nxh2 42. b4 Ng4 43. Nf3 Nf2+ 44. Ke3 Nd1+ 45. Kd4 h6 46.
b5 Kc7 47. a5 g4 48. Nh4 g3 49. Ke4 1/2-1/2

[Event "TCh-HUN 2017-18"]
[Site "Hungary HUN"]
[Date "2017.12.17"]
[Round "4.4"]
[White "Palac, Mladen"]
[Black "Gonda, Laszlo"]
[Result "1/2-1/2"]
[WhiteTitle "GM"]
[BlackTitle "GM"]
[WhiteElo "2538"]
[BlackElo "2499"]
[WhiteTeam "HVSE-Infraplan"]
[BlackTeam "Dunaharaszti MTK"]
[WhiteFideId "14500116"]
[BlackFideId "720852"]
[EventDate "2017.11.25"]
[EventType "team-tourn"]

1. e4 e5 2. Nf3 Nc6 3. Bb5 a6 4. Ba4 Nf6 5. O-O Be7 6. Re1 b5 7. Bb3 d6 8. c3
O-O 9. h3 Na5 10. Bc2 c5 11. d4 Nd7 12. a4 Bb7 13. d5 Kh8 14. Nfd2 c4 15. Na3
Nc5 16. axb5 axb5 17. Nxb5 Ba6 18. Na3 g6 19. Rb1 Bg5 20. Nf1 Bxc1 21. Qxc1 Qh4
22. Ne3 Rab8 23. Qd1 Rb6 24. Qf3 Qf4 25. Qe2 Rfb8 26. Nd1 Nab3 27. Bxb3 cxb3 28.
Qe3 Qxe3 29. Rxe3 f5 30. exf5 gxf5 1/2-1/2

[Event "TCh-HUN 2017-18"]
[Site "Hungary HUN"]
[Date "2017.12.17"]
[Round "4.6"]
[White "Kovacs, Gabor2"]
[Black "Flumbort, Andras"]
[Result "1/2-1/2"]
[WhiteTitle "IM"]
[BlackTitle "GM"]
[WhiteElo "2463"]
[BlackElo "2435"]
[WhiteTeam "HVSE-Infraplan"]
[BlackTeam "Dunaharaszti MTK"]
[WhiteFideId "716219"]
[BlackFideId "717274"]
[EventDate "2017.11.25"]
[EventType "team-tourn"]

1. d4 d5 2. c4 c6 3. Nf3 Nf6 4. cxd5 cxd5 5. Nc3 Nc6 6. Bf4 Bf5 7. e3 e6 8. Bd3
Bxd3 9. Qxd3 Bd6 10. Bxd6 Qxd6 11. O-O O-O 12. Rac1 Rac8 13. a3 a6 14. Rc2 Rc7
15. Rfc1 Rfc8 16. h3 h6 17. Na4 Na5 18. Ne5 b5 19. Rxc7 Rxc7 20. Rxc7 Qxc7 1/2-1/2

[Event "TCh-HUN 2017-18"]
[Site "Hungary HUN"]
[Date "2017.12.17"]
[Round "4.7"]
[White "Farago, Ivan"]
[Black "Petrik, Tomas"]
[Result "0-1"]
[WhiteTitle "GM"]
[BlackTitle "GM"]
[WhiteElo "2385"]
[BlackElo "2473"]
[WhiteTeam "Dunaharaszti MTK"]
[BlackTeam "HVSE-Infraplan"]
[WhiteFideId "700134"]
[BlackFideId "14901625"]
[EventDate "2017.11.25"]
[EventType "team-tourn"]

1. d4 e6 2. c4 Nf6 3. Nf3 b6 4. a3 Bb7 5. Nc3 d5 6. Qc2 dxc4 7. e4 c5 8. Bf4
cxd4 9. Rd1 Bc5 10. Bxc4 O-O 11. O-O Qe7 12. e5 Bxf3 13. exf6 Qxf6 14. Be2 Bb7
15. Bxb8 dxc3 16. b4 Raxb8 17. bxc5 Qg5 0-1

[Event "TCh-HUN 2017-18"]
[Site "Hungary HUN"]
[Date "2017.12.17"]
[Round "4.8"]
[White "Petenyi, Tamas"]
[Black "Popovics, Adam"]
[Result "1/2-1/2"]
[WhiteTitle "IM"]
[BlackTitle "IM"]
[WhiteElo "2454"]
[BlackElo "2378"]
[WhiteTeam "HVSE-Infraplan"]
[BlackTeam "Dunaharaszti MTK"]
[WhiteFideId "14909090"]
[BlackFideId "721506"]
[EventDate "2017.11.25"]
[EventType "team-tourn"]

1. e4 c5 2. b3 Nf6 3. Nc3 Nc6 4. Bb2 g6 5. Nd5 Bg7 6. Nxf6+ exf6 7. Bc4 O-O 8.
Ne2 f5 9. Bxg7 Kxg7 10. d3 d6 11. O-O Be6 1/2-1/2

[Event "TCh-HUN 2017-18"]
[Site "Hungary HUN"]
[Date "2017.12.17"]
[Round "4.9"]
[White "Tompa, Janos"]
[Black "Kiss, Attila"]
[Result "1/2-1/2"]
[WhiteTitle "IM"]
[BlackTitle "IM"]
[WhiteElo "2371"]
[BlackElo "2359"]
[WhiteTeam "Dunaharaszti MTK"]
[BlackTeam "HVSE-Infraplan"]
[WhiteFideId "700193"]
[BlackFideId "700630"]
[EventDate "2017.11.25"]
[EventType "team-tourn"]

1. e4 c5 2. Nc3 a6 3. g4 Nc6 4. Bg2 g6 5. Nge2 d6 6. Ng3 Nf6 7. h3 h5 8. g5 h4
9. Nge2 Nd7 10. d4 cxd4 11. Nxd4 Bg7 12. Nf3 Nc5 13. O-O Bxc3 14. bxc3 e5 15.
Nh2 Ne6 16. Nf3 1/2-1/2

[Event "TCh-HUN 2017-18"]
[Site "Hungary HUN"]
[Date "2017.12.17"]
[Round "4.10"]
[White "Csonka, Attila Istvan"]
[Black "Balint, Vilmos"]
[Result "1-0"]
[WhiteTitle "IM"]
[WhiteElo "2366"]
[BlackElo "2251"]
[WhiteTeam "HVSE-Infraplan"]
[BlackTeam "Dunaharaszti MTK"]
[WhiteFideId "716529"]
[BlackFideId "718050"]
[EventDate "2017.11.25"]
[EventType "team-tourn"]

1. e4 e5 2. Nf3 Nc6 3. Bb5 Nf6 4. O-O Nxe4 5. Re1 Nd6 6. Bxc6 dxc6 7. Rxe5+ Be7
8. Qe2 Nf5 9. d4 O-O 10. Qd3 g6 11. Re1 Bf6 12. c3 c5 13. Rd1 cxd4 14. Nxd4 Nxd4
15. cxd4 Bg4 16. f3 Bf5 17. Qc4 c5 18. d5 Bd4+ 19. Rxd4 cxd4 20. Qxd4 Re8 21.
Nc3 Qb6 22. Qxb6 axb6 23. Bf4 b5 24. Bd6 Re3 25. g4 Bd3 26. Kf2 Ree8 27. Rd1 b4
28. Bxb4 Bc4 29. b3 Ba6 30. d6 b6 31. d7 Red8 32. Be7 Bb7 33. Rd6 b5 34. b4 f5
35. gxf5 gxf5 36. Bxd8 Rxd8 37. Nxb5 Kf8 38. Nd4 1-0

[Event "TCh-HUN 2017-18"]
[Site "Hungary HUN"]
[Date "2017.12.17"]
[Round "4.11"]
[White "Erdos, Boglarka"]
[Black "Lakos, Nikoletta"]
[Result "1-0"]
[BlackTitle "WGM"]
[WhiteElo "2117"]
[BlackElo "2277"]
[WhiteTeam "Dunaharaszti MTK"]
[BlackTeam "HVSE-Infraplan"]
[WhiteFideId "727458"]
[BlackFideId "705128"]
[EventDate "2017.11.25"]
[EventType "team-tourn"]

1. Nf3 d6 2. d4 Bg4 3. g3 Bxf3 4. exf3 c6 5. c3 e6 6. Bd3 Nd7 7. Qe2 Be7 8. Nd2
Ngf6 9. a4 O-O 10. O-O c5 11. dxc5 Nxc5 12. Bc2 d5 13. Rd1 Qc7 14. Nf1 h6 15.
Be3 Bd6 16. a5 Rfe8 17. c4 Na6 18. cxd5 exd5 19. Bb3 Nb4 20. Qd2 Qe7 21. Bd4
Red8 22. Ne3 Bc5 23. Nf5 Qf8 24. Bxf6 gxf6 25. Nxh6+ Kh8 26. Qf4 Kh7 27. Nf5 Rd7
28. Qh4+ Kg6 29. Qg4+ Kh7 30. Qh5+ Kg8 31. Ra4 Re8 32. Nh6+ Kg7 33. Nf5+ Kg8 34.
Nh6+ Kg7 35. Qg4+ Kxh6 36. Qxd7 Re2 37. Qh3+ Kg7 38. Qg4+ Kh8 39. Rxd5 Bxf2+ 40.
Kf1 1-0

[Event "TCh-HUN 2017-18"]
[Site "Hungary HUN"]
[Date "2017.12.17"]
[Round "4.12"]
[White "Szukics, Adam"]
[Black "Kokeny, Norbert Adrian"]
[Result "1/2-1/2"]
[WhiteElo "2061"]
[BlackElo "2200"]
[WhiteTeam "HVSE-Infraplan"]
[BlackTeam "Dunaharaszti MTK"]
[WhiteFideId "751871"]
[BlackFideId "759740"]
[EventDate "2017.11.25"]
[EventType "team-tourn"]

1. e4 c5 2. Nf3 e6 3. g3 a6 4. Bg2 b5 5. O-O Bb7 6. Re1 Qc7 7. d4 cxd4 8. Nxd4
Nc6 9. Be3 Nf6 10. a4 b4 11. Nd2 Be7 12. b3 Nxd4 13. Bxd4 e5 14. Bb2 a5 15. Nc4
d6 16. Ne3 g6 17. Nd5 Nxd5 18. exd5 O-O 19. h4 Bf6 20. Rc1 Bg7 21. c4 Qc5 22. h5
f5 23. hxg6 hxg6 24. Rc2 Bh6 25. Bc1 Bxc1 26. Qxc1 f4 27. gxf4 Rxf4 28. Qe3 Rc8
29. Qxc5 Rxc5 30. Re4 Rf6 31. Rh4 Kg7 32. Be4 Bc8 33. f3 Bf5 34. Rch2 Rf8 35.
Rh7+ Kf6 36. Kf2 Kg5 37. Ke3 Bxe4 38. Rg2+ Kf6 39. fxe4 Rcc8 40. Rf2+ Kg5 41.
Rg2+ Kf6 42. Rf2+ Kg5 43. Rg2+ 1/2-1/2

[Event "TCh-HUN 2017-18"]
[Site "Hungary HUN"]
[Date "2018.01.28"]
[Round "5.1"]
[White "Hracek, Zbynek"]
[Black "Lupulescu, Constantin"]
[Result "1/2-1/2"]
[WhiteTitle "GM"]
[BlackTitle "GM"]
[WhiteElo "2613"]
[BlackElo "2631"]
[WhiteTeam "HVSE-Infraplan"]
[BlackTeam "ASE Paks"]
[WhiteFideId "300071"]
[BlackFideId "1207822"]
[EventDate "2017.11.25"]
[EventType "team-tourn"]

1. e4 c6 2. d4 d5 3. e5 Bf5 4. h4 h5 5. Bd3 Bxd3 6. Qxd3 e6 7. Bg5 Be7 8. Nf3
Nh6 9. Nc3 Nf5 10. Ne2 c5 11. c3 cxd4 12. Nexd4 Nxd4 13. cxd4 Qa5+ 14. Ke2 Qa6
15. Qxa6 Nxa6 16. Rac1 f6 17. Bd2 Kf7 18. Rc3 Rac8 19. Rhc1 Rxc3 20. Rxc3 Rd8
21. Bf4 Bb4 22. Rb3 Rd7 23. a3 Ba5 24. Re3 Rd8 25. Rb3 Rd7 26. Re3 Rd8 1/2-1/2

[Event "TCh-HUN 2017-18"]
[Site "Hungary HUN"]
[Date "2018.01.28"]
[Round "5.2"]
[White "Berkes, Ferenc"]
[Black "Kozul, Zdenko"]
[Result "1-0"]
[WhiteTitle "GM"]
[BlackTitle "GM"]
[WhiteElo "2653"]
[BlackElo "2604"]
[WhiteTeam "ASE Paks"]
[BlackTeam "HVSE-Infraplan"]
[WhiteFideId "718572"]
[BlackFideId "14502879"]
[EventDate "2017.11.25"]
[EventType "team-tourn"]

1. d4 Nf6 2. Nf3 g6 3. Bg5 Bg7 4. Nbd2 h6 5. Bh4 d6 6. e4 g5 7. Bg3 Nh5 8. c3 e6
9. Bd3 Qe7 10. Nc4 Nd7 11. Qe2 b6 12. Nfd2 Nxg3 13. hxg3 Bb7 14. Ne3 a6 15. f4
c5 16. d5 b5 17. a4 c4 18. Bc2 O-O 19. Ng4 exd5 20. Nxh6+ Bxh6 21. Rxh6 Kg7 22.
Rh5 Rh8 23. Rxg5+ Kf8 24. axb5 Nf6 25. bxa6 Rh1+ 26. Nf1 dxe4 27. O-O-O Rxa6 28.
Ne3 Rxd1+ 29. Qxd1 Ra1+ 30. Bb1 Bc8 31. Qd4 Be6 32. f5 Ra5 33. Ng4 e3 34. Nxf6 1-0

[Event "TCh-HUN 2017-18"]
[Site "Hungary HUN"]
[Date "2018.01.28"]
[Round "5.3"]
[White "Ruck, Robert"]
[Black "Perunovic, Milos"]
[Result "1/2-1/2"]
[WhiteTitle "GM"]
[BlackTitle "GM"]
[WhiteElo "2531"]
[BlackElo "2612"]
[WhiteTeam "HVSE-Infraplan"]
[BlackTeam "ASE Paks"]
[WhiteFideId "705713"]
[BlackFideId "921629"]
[EventDate "2017.11.25"]
[EventType "team-tourn"]

1. Nf3 c5 2. c4 Nf6 3. Nc3 e6 4. e4 Nc6 5. Be2 b6 6. d4 cxd4 7. Nxd4 Bb7 8. O-O
Qb8 9. Be3 Bc5 10. f3 Nxd4 11. Bxd4 Bd6 12. g3 Bxg3 13. hxg3 Qxg3+ 14. Kh1 Qh3+
15. Kg1 1/2-1/2

[Event "TCh-HUN 2017-18"]
[Site "Hungary HUN"]
[Date "2018.01.28"]
[Round "5.4"]
[White "Parligras, Mircea-Emilian"]
[Black "Jankovic, Alojzije"]
[Result "1-0"]
[WhiteTitle "GM"]
[BlackTitle "GM"]
[WhiteElo "2613"]
[BlackElo "2581"]
[WhiteTeam "ASE Paks"]
[BlackTeam "HVSE-Infraplan"]
[WhiteFideId "1204297"]
[BlackFideId "14505959"]
[EventDate "2017.11.25"]
[EventType "team-tourn"]

1. d4 Nf6 2. c4 d6 3. Nc3 e5 4. Nf3 e4 5. Nd2 Bf5 6. Qb3 Qc8 7. g3 c5 8. d5 e3
9. fxe3 Nbd7 10. e4 Bg6 11. Bh3 Be7 12. Bf5 O-O 13. O-O Re8 14. Nf3 Bf8 15. Qc2
b5 16. cxb5 c4 17. Nd4 Qc5 18. Be3 Nb6 19. Bf2 Qc7 20. g4 Bxf5 21. gxf5 Nbd7 22.
Bh4 Nc5 23. Rf4 Nh5 24. Rg4 Qb6 25. Rd1 Be7 26. Bf2 Nf6 27. Rg2 Bf8 28. Nc6 a6
29. a4 axb5 30. axb5 Qb7 31. Bxc5 dxc5 32. e5 Nd7 33. e6 Nf6 34. e4 g6 35. Rf1
fxe6 36. fxe6 1-0

[Event "TCh-HUN 2017-18"]
[Site "Hungary HUN"]
[Date "2018.01.28"]
[Round "5.5"]
[White "Palac, Mladen"]
[Black "Sedlak, Nikola"]
[Result "0-1"]
[WhiteTitle "GM"]
[BlackTitle "GM"]
[WhiteElo "2538"]
[BlackElo "2552"]
[WhiteTeam "HVSE-Infraplan"]
[BlackTeam "ASE Paks"]
[WhiteFideId "14500116"]
[BlackFideId "922900"]
[EventDate "2017.11.25"]
[EventType "team-tourn"]

1. e4 c6 2. d4 d5 3. e5 Bf5 4. Nf3 e6 5. c3 Nd7 6. Be2 h6 7. O-O Ne7 8. Nbd2 Bh7
9. b4 g5 10. Ne1 Ng6 11. Nb3 f6 12. Nd3 fxe5 13. dxe5 Ndxe5 14. Nxe5 Nxe5 15.
Nd4 Qe7 16. f4 gxf4 17. Bxf4 Ng6 18. Bh5 O-O-O 19. Nxe6 Nxf4 20. Rxf4 Kb8 21.
Nxd8 Qxd8 22. Qd4 Bd6 23. Rf7 Be4 24. Bf3 Bxf3 25. Rxf3 Re8 26. Re3 Rf8 27. Rae1
a5 28. a3 Bc7 29. Kh1 Bb6 30. Qe5+ Ka7 31. R3e2 a4 32. Qg7 Qf6 33. Qxf6 Rxf6 34.
Re6 Rf2 35. Rxh6 Ra2 36. g4 Rxa3 37. g5 Rxc3 38. g6 Rc4 39. h3 Bd4 40. Rh7 Rc3
41. Rd1 a3 42. g7 Bxg7 43. Rxg7 Rxh3+ 44. Kg2 Rb3 45. Rg3 Rb2+ 46. Kf1 a2 47.
Rg2 Rxb4 48. Rxa2+ Kb6 49. Rdd2 Rb1+ 50. Ke2 Rh1 51. Rdb2+ Kc5 52. Kf3 b5 53.
Rh2 Rf1+ 54. Raf2 Rxf2+ 55. Kxf2 Kc4 56. Ke3 Kc3 57. Rh1 d4+ 58. Ke4 b4 59. Rc1+
Kd2 60. Rc4 0-1

[Event "TCh-HUN 2017-18"]
[Site "Hungary HUN"]
[Date "2018.01.28"]
[Round "5.6"]
[White "Acs, Peter"]
[Black "Nemeth, Miklos1"]
[Result "1/2-1/2"]
[WhiteTitle "GM"]
[BlackTitle "IM"]
[WhiteElo "2588"]
[BlackElo "2494"]
[WhiteTeam "ASE Paks"]
[BlackTeam "HVSE-Infraplan"]
[WhiteFideId "708020"]
[BlackFideId "720232"]
[EventDate "2017.11.25"]
[EventType "team-tourn"]

1. e4 e5 2. Nf3 Nc6 3. Bb5 a6 4. Ba4 Nf6 5. Bxc6 dxc6 6. d3 Bd6 7. Nbd2 Be6 8.
O-O Nd7 9. Re1 Qe7 10. Nf1 f6 11. a3 a5 12. b3 O-O 13. Bb2 a4 14. b4 c5 15. bxc5
Bxc5 16. d4 exd4 17. Nxd4 Rfd8 1/2-1/2

[Event "TCh-HUN 2017-18"]
[Site "Hungary HUN"]
[Date "2018.01.28"]
[Round "5.7"]
[White "Kovacs, Gabor2"]
[Black "Szabo, Krisztian1"]
[Result "1/2-1/2"]
[WhiteTitle "IM"]
[BlackTitle "GM"]
[WhiteElo "2463"]
[BlackElo "2498"]
[WhiteTeam "HVSE-Infraplan"]
[BlackTeam "ASE Paks"]
[WhiteFideId "716219"]
[BlackFideId "722901"]
[EventDate "2017.11.25"]
[EventType "team-tourn"]

1. d4 Nf6 2. c4 g6 3. Nf3 Bg7 4. g3 O-O 5. Bg2 d6 6. O-O Nbd7 7. Nc3 e5 8. e4
exd4 9. Nxd4 Re8 10. h3 a6 11. Be3 Rb8 12. a4 Ne5 13. b3 Nfd7 14. Qc2 Nc6 15.
Rad1 Nb4 1/2-1/2

[Event "TCh-HUN 2017-18"]
[Site "Hungary HUN"]
[Date "2018.01.28"]
[Round "5.8"]
[White "Lizak, Peter"]
[Black "Petenyi, Tamas"]
[Result "1-0"]
[WhiteTitle "IM"]
[BlackTitle "IM"]
[WhiteElo "2471"]
[BlackElo "2454"]
[WhiteTeam "ASE Paks"]
[BlackTeam "HVSE-Infraplan"]
[WhiteFideId "731595"]
[BlackFideId "14909090"]
[EventDate "2017.11.25"]
[EventType "team-tourn"]

1. d4 Nf6 2. Nc3 Nc6 3. d5 Ne5 4. f4 Ng6 5. e4 e5 6. f5 Ne7 7. Bg5 d6 8. Bxf6
gxf6 9. Qh5 a6 10. Nf3 Ng8 11. g4 Qe7 12. h4 Bd7 13. a4 Bh6 14. a5 Be3 15. Nd1
Ba7 16. Rh3 Qf8 17. g5 Qg7 18. Rg3 h6 19. g6 Ne7 20. gxf7+ Qxf7 21. Qxf7+ Kxf7
22. Ra3 Rhg8 23. Nd2 Bc5 24. Rab3 Rxg3 25. Rxg3 Rg8 26. Rxg8 Kxg8 27. c3 Kf8 28.
b4 Ba7 29. Nc4 Nc8 30. Nce3 Ne7 31. Kd2 c6 32. Bc4 c5 33. bxc5 Bxc5 34. Nb2 Ba7
35. Bb3 Be8 36. Ba4 Bh5 37. Nbc4 Bc5 38. Bd7 Bf3 39. Kd3 Bh5 40. Nb6 Bf7 41.
Nec4 Be8 42. Bxe8 Kxe8 43. h5 Bxb6 44. axb6 Nc8 45. Kc2 Ke7 46. Kb3 Ke8 47. Kb4
Ke7 48. Ka5 Ke8 49. Ne3 Kf7 50. Ng4 Kg7 51. Nf2 Kf7 52. Nd3 Ke7 53. Nb4 Kd7 54.
Nxa6 Ne7 55. Nb4 Nc8 56. Nd3 Ke7 57. Nf2 Kf7 58. Ng4 Kg7 59. c4 Ne7 60. Kb5 1-0

[Event "TCh-HUN 2017-18"]
[Site "Hungary HUN"]
[Date "2018.01.28"]
[Round "5.9"]
[White "Kiss, Attila"]
[Black "Groszpeter, Attila"]
[Result "1/2-1/2"]
[WhiteTitle "IM"]
[BlackTitle "GM"]
[WhiteElo "2359"]
[BlackElo "2441"]
[WhiteTeam "HVSE-Infraplan"]
[BlackTeam "ASE Paks"]
[WhiteFideId "700630"]
[BlackFideId "700053"]
[EventDate "2017.11.25"]
[EventType "team-tourn"]

1. e4 c5 2. Nf3 d6 3. d4 cxd4 4. Nxd4 Nf6 5. Nc3 a6 6. Be3 e5 7. Nf3 Qc7 8. a4
Be7 9. Be2 O-O 10. a5 Nbd7 11. Nd2 b5 12. axb6 Nxb6 13. Bxb6 Qxb6 14. Nc4 1/2-1/2

[Event "TCh-HUN 2017-18"]
[Site "Hungary HUN"]
[Date "2018.01.28"]
[Round "5.10"]
[White "Kaczur, Florian"]
[Black "Csonka, Attila Istvan"]
[Result "1/2-1/2"]
[WhiteTitle "IM"]
[BlackTitle "IM"]
[WhiteElo "2458"]
[BlackElo "2366"]
[WhiteTeam "ASE Paks"]
[BlackTeam "HVSE-Infraplan"]
[WhiteFideId "705098"]
[BlackFideId "716529"]
[EventDate "2017.11.25"]
[EventType "team-tourn"]

1. e4 c5 2. Nf3 e6 3. d4 cxd4 4. Nxd4 Nc6 5. Nc3 Qc7 6. Be3 a6 7. Be2 Nf6 8. O-O
b5 9. a3 Bb7 10. f4 Nxd4 11. Qxd4 Rc8 12. e5 Nd5 13. Nxd5 Bxd5 14. c3 Bc5 15.
Qd2 Bxe3+ 16. Qxe3 Qc5 17. Qxc5 Rxc5 18. a4 g5 19. axb5 axb5 20. fxg5 Rg8 21. h4
Be4 22. Bh5 Rg7 23. Rfe1 Bc6 24. Re2 Rc4 25. g4 Bf3 26. Rd2 Ke7 27. Rd4 Rxd4 28.
cxd4 Be4 29. Ra5 Bc6 30. Ra1 Be4 31. Kf2 Rg8 32. Ke3 Ra8 33. Rf1 Bg6 34. Bxg6
fxg6 35. h5 Ra2 36. Rf2 Ra1 37. hxg6 hxg6 38. Rf6 Re1+ 39. Kf3 Rf1+ 40. Kg3 Rg1+
41. Kh3 Rh1+ 42. Kg2 Rb1 43. Rxg6 Rxb2+ 44. Kg3 Kf7 45. Rf6+ Kg7 46. d5 b4 47.
dxe6 dxe6 48. Rxe6 b3 49. Rb6 Rb1 50. Kg2 b2 51. e6 Re1 52. Rxb2 Rxe6 53. Kg3
Re1 54. Rb6 Rg1+ 55. Kf3 Rf1+ 56. Kg2 Rc1 57. Rf6 Rc3 58. Rf3 Rc5 59. Rf5 Rc3
60. Rb5 1/2-1/2

[Event "TCh-HUN 2017-18"]
[Site "Hungary HUN"]
[Date "2018.01.28"]
[Round "5.11"]
[White "Lakos, Nikoletta"]
[Black "Krstulovic, Alex"]
[Result "1/2-1/2"]
[WhiteTitle "WGM"]
[BlackTitle "FM"]
[WhiteElo "2277"]
[BlackElo "2296"]
[WhiteTeam "HVSE-Infraplan"]
[BlackTeam "ASE Paks"]
[WhiteFideId "705128"]
[BlackFideId "760056"]
[EventDate "2017.11.25"]
[EventType "team-tourn"]

1. e4 e5 2. Nf3 Nc6 3. Bc4 Bc5 4. c3 Nf6 5. d3 O-O 6. Nbd2 a6 7. Bb3 Ba7 8. Nc4
d6 9. Bg5 h6 10. Bh4 g5 11. Nxg5 hxg5 12. Bxg5 Bg4 13. Qc1 Kh7 14. f4 Rg8 15.
Rf1 Rxg5 16. fxg5 Nh5 17. Rxf7+ Kg6 18. Ne3 Nf4 19. Rxf4 exf4 20. Nxg4 Qxg5 21.
h3 Ne5 22. Qd1 Qh4+ 23. Kd2 Be3+ 24. Kc2 Nxg4 25. Qxg4+ Qxg4 26. hxg4 Rh8 27. e5
f3 28. gxf3 Rh2+ 29. Kd1 Rh1+ 30. Ke2 Rxa1 31. Kxe3 dxe5 32. d4 exd4+ 33. Kxd4
Kg5 34. Bd5 c6 35. Be6 b6 36. Ke5 Re1+ 37. Kd6 c5 38. Bd5 Re2 39. b4 cxb4 40.
cxb4 Rb2 41. Bb3 a5 42. bxa5 bxa5 43. Kc5 a4 44. Bxa4 Rxa2 1/2-1/2

[Event "TCh-HUN 2017-18"]
[Site "Hungary HUN"]
[Date "2018.01.28"]
[Round "5.12"]
[White "Gal, Hanna Krisztina"]
[Black "Borhy, Marcell"]
[Result "1-0"]
[WhiteElo "2162"]
[BlackElo "2131"]
[WhiteTeam "ASE Paks"]
[BlackTeam "HVSE-Infraplan"]
[WhiteFideId "711861"]
[BlackFideId "770787"]
[EventDate "2017.11.25"]
[EventType "team-tourn"]

1. e4 d6 2. d4 Nf6 3. Nc3 Nbd7 4. Nf3 e5 5. Bc4 Be7 6. O-O O-O 7. a4 c6 8. a5
Qc7 9. Re1 h6 10. h3 Re8 11. dxe5 dxe5 12. Nh4 Bb4 13. Qf3 Nc5 14. Bxh6 Be6 15.
Nf5 Bxf5 16. Qxf5 Qe7 17. Bg5 Ncd7 18. Re3 Qc5 19. Bb3 Kf8 20. Rd1 Re7 21. Red3
g6 22. Qf3 Kg7 23. Na4 Qxa5 24. Rxd7 1-0